Plus grandes villes des îles méditerranéennes - Statistiques

Statistiques générales
  • Ce quiz a été pris 39 fois
  • Le résultat moyen est 13 sur 55
Statistiques - réponses
Île Population Villes % Correct
Corse 73 822 Ajaccio
97%
48 768 Bastia
97%
Sicile 630 167 Palerme
92%
Chypre 118 226 Nicosie
89%
Majorque 423 350 Palma
86%
Ibiza 51 996 Ibiza
83%
Sardaigne 148 117 Cagliari
81%
311 584 Catane
69%
11 229 Porto-Vecchio
69%
Corfou 40 047 Corfou
64%
Crête 149 501 Héraklion
61%
116 244 Syracuse
50%
218 786 Messine
44%
52 038 Larnaca
39%
9 768 Borgo
36%
108 105 Limassol
36%
7 654 Biguglia
22%
121 021 Sassari
22%
24 346 Birkirkara
19%
61 048 Olbia
19%
111 375 Chania
11%
55 648 Famagouste
11%
38 759 Réthymnon
8%
Eubée 59 125 Chalcis
6%
46 395 Manacor
6%
79 809 Marsala
6%
21 562 Ágios Nikólaos
3%
43 743 Alghero
3%
53 162 Calvià
3%
27 338 Ierápetra
3%
29 902 Port Mahon
3%
16 801 Qormi
3%
68 585 Quartu Sant'Elena
3%
Malte 32 042 San Pawl il-Baħar
3%
71 123 Strovolos
3%
9 748 Alaior
0%
4 171 Alepoú
0%
1 555 Argyrádes
0%
6 963 Carystos
0%
Minorque 31 443 Ciutadella de Menorca
0%
6 567 Érétrie
0%
5 939 Es Mercadal
0%
1 396 Gáios
0%
6 706 Kými
0%
5 647 Lefkímmi
0%
39 040 Llucmajor
0%
39 440 Marratxí
0%
23 482 Mosta
0%
10 302 Nea Artaki
0%
41 228 Santa Eulària des Riu
0%
28 237 Sant Antoni de Portmany
0%
6 838 Sant Joan de Labritja
0%
29 506 Sant Josep de sa Talaia
0%
7 019 Sant Lluís
0%
22 591 Tas-Sliema
0%
Aucun quiz correspondant
Distribution des résultats
% des personnes avec chaque résultat
Percentile par nombre de réponses
Votre historique - résultats
Vous n’avez pas pris ce quiz